000 00478nam a2200181Ia 4500
005 20260429111942.0
008 260429s9999||||xx |||||||||||||| ||und||
020 _a9789370449107
041 _aEnglish
082 _a546
_bKUM
100 _aKumari, Sanju
245 0 _aConcepts in inorganic chemistry /
_cSanju Kumari
260 _aNew Delhi :
_bAsia Publishers,
_c2026.
300 _aix, 270 p.; hb
650 _a Inorganic chemistry
650 _aChemistry
942 _cTB
999 _c51585
_d51585